<?xml version="1.0" encoding="UTF-8"?>
<record
    xmlns:xsi="http://www.w3.org/2001/XMLSchema-instance"
    xsi:schemaLocation="http://www.loc.gov/MARC21/slim http://www.loc.gov/standards/marcxml/schema/MARC21slim.xsd"
    xmlns="http://www.loc.gov/MARC21/slim">

  <leader>01760nam a22001337a 4500</leader>
  <datafield tag="999" ind1=" " ind2=" ">
    <subfield code="c">65485</subfield>
    <subfield code="d">65482</subfield>
  </datafield>
  <datafield tag="100" ind1=" " ind2=" ">
    <subfield code="a"> Rajper, Naveed Ahmed</subfield>
    <subfield code="a">15-14MSIT16</subfield>
    <subfield code="a">Supervisor - Dr. Intesab Hussain Sadhayo</subfield>
  </datafield>
  <datafield tag="245" ind1=" " ind2=" ">
    <subfield code="a">Assessing the Effectiveness of Blended Learning in Higher Secondary Education  </subfield>
  </datafield>
  <datafield tag="260" ind1=" " ind2=" ">
    <subfield code="a">Nawabshah:</subfield>
    <subfield code="b">QUEST,</subfield>
    <subfield code="c">2019.</subfield>
  </datafield>
  <datafield tag="300" ind1=" " ind2=" ">
    <subfield code="a">32p.</subfield>
  </datafield>
  <datafield tag="500" ind1=" " ind2=" ">
    <subfield code="a">ABSTRACT


The aim of this study is to assess and evaluate the effects of blended learning in higher secondary educational institutions of Sindh. The core objective of this research is to measure the impacts and effectiveness of blended learning attainments of understudies' outcomes. A qualitative method was applied to come up with the result of ninety-four personals. In addition, technology acceptance model (TAM) were analyzed and evaluated in order to measure the performance of higher secondary educational courses on the basis of blended learning. The results indicate that blended learning integration has a great effectiveness for both instructors and the understudies. Findings show that instructors' very much well-found arrangement with blended learning devices and workplaces is one the primary factors  in achievement of innovation based educating and learning and this research would support and help the government to initiate further enhancement and flexibility of Blended learning in its existing centers and for future adaptation. This will cause to master the insight abilities of teaching and facilitating of teacher's skills, to develop the educational standard as per the world rate and requirements.

Keywords: Blended Learning, E-leaning, TAM Model  and   Higher  Secondary Education
</subfield>
  </datafield>
  <datafield tag="700" ind1=" " ind2=" ">
    <subfield code="a">Department of Information Technology</subfield>
  </datafield>
  <datafield tag="856" ind1=" " ind2=" ">
    <subfield code="u">http://tinyurl.com/mp9u6fbv</subfield>
  </datafield>
  <datafield tag="942" ind1=" " ind2=" ">
    <subfield code="c">THESIS</subfield>
  </datafield>
  <datafield tag="952" ind1=" " ind2=" ">
    <subfield code="0">0</subfield>
    <subfield code="1">0</subfield>
    <subfield code="4">0</subfield>
    <subfield code="7">0</subfield>
    <subfield code="a">RESEARCH</subfield>
    <subfield code="b">RESEARCH</subfield>
    <subfield code="d">2019-09-30</subfield>
    <subfield code="l">0</subfield>
    <subfield code="o">R/IMS-19</subfield>
    <subfield code="p">MP/46-537</subfield>
    <subfield code="r">2019-09-30 00:00:00</subfield>
    <subfield code="y">THESIS</subfield>
  </datafield>
  <datafield tag="952" ind1=" " ind2=" ">
    <subfield code="0">0</subfield>
    <subfield code="1">0</subfield>
    <subfield code="4">0</subfield>
    <subfield code="7">0</subfield>
    <subfield code="a">RESEARCH</subfield>
    <subfield code="b">RESEARCH</subfield>
    <subfield code="d">2023-12-14</subfield>
    <subfield code="l">0</subfield>
    <subfield code="p">MP/54-685</subfield>
    <subfield code="r">2023-12-14 00:00:00</subfield>
    <subfield code="w">2023-12-14</subfield>
    <subfield code="y">THESIS</subfield>
  </datafield>
</record>
